IDOC International : numéro 36 /
IDOC International (por las siglas en inglés) se refiere al Centro Internacional de Documentación sobre la Iglesia Contemporánea, fundado en Roma en 1965, al fin del Concilio Vaticano Segundo y reorganizado en 1968, a raíz de los resultados de la Asamblea del Consejo Ecuménico de Iglesias, para trab...
Gespeichert in:
| Weitere Verfasser: | |
|---|---|
| Format: | Buch |
| Sprache: | Französisch |
| Schlagworte: | |
| Tags: |
Keine Tags, Fügen Sie das erste Tag hinzu!
|
MARC
| LEADER | 00000nam^a2200000^a^4500 | ||
|---|---|---|---|
| 001 | 000182482 | ||
| 005 | 20250521000000.0 | ||
| 009 | 20260310102007.476 | ||
| 037 | |a Acervo ITESO - Biblioteca | ||
| 041 | |a FRA | ||
| 082 | |a 261. 05 |b IDO 1970 V. 36 | ||
| 240 | 1 | 1 | |a [IDOC International, Revue Interconfessionnell de Documentation] |
| 245 | 1 | 0 | |a IDOC International : |b numéro 36 / |c Dir. de L. Alting von Geusau. |
| 264 | |a París, Francia : |b Editions du Seuil, |c 1970 | ||
| 300 | |a 95 p. | ||
| 336 | |a texto |b txt |2 rdacontenido | ||
| 337 | |a sin mediación |b n |2 rdamedio | ||
| 338 | |a volumen |b nc |2 rdasoporte | ||
| 520 | |a IDOC International (por las siglas en inglés) se refiere al Centro Internacional de Documentación sobre la Iglesia Contemporánea, fundado en Roma en 1965, al fin del Concilio Vaticano Segundo y reorganizado en 1968, a raíz de los resultados de la Asamblea del Consejo Ecuménico de Iglesias, para trabajar sobre una base interconfesional. Este grupo de trabajo está conformado por cerca de 250 expertos quienes representan a casi 40 países. A través de su publicación quincenal se difunde información y documentos que conciernen a problemas de interés internacional e interconfesional, dentro del mundo cristiano contemporáneo. Este número presenta los siguientes artículos: El FBI, los extremistas y la religión; Sacerdotes vascos en prisión; Defensa e ilustración. También estudios sobre la situación de la Iglesia en Portugal; y la destrucción del templo. | ||
| 649 | |a XX | ||
| 650 | |a Iglesia y Problemas Sociales - |x Publicaciones Periódicas Francesas | ||
| 650 | |a Religiosos Vascos - |x Condiciones Políticas | ||
| 650 | |a Religiosos Españoles - |x Condiciones Políticas | ||
| 650 | |a Religiosos Argentinos - |x Condiciones Políticas | ||
| 650 | |a Espionaje y Contraespionaje - |z EUA | ||
| 650 | |a Policía - |z EUA | ||
| 650 | |a Fundamentalismo Religoso - |z EUA | ||
| 650 | |a Radicalismo - |z EUA | ||
| 650 | |a Política y Religión - |z EUA | ||
| 650 | |a Política y Religión - |z Latinoamérica | ||
| 650 | |a Movimientos Religiosos - |z Latinoamérica | ||
| 650 | |a Represión - |z Latinoamérica | ||
| 650 | |a Iglesia Católica en Portugal - |x Historia | ||
| 650 | |a Política - |z Portugal - |x Historia | ||
| 650 | |a Cristianismo | ||
| 650 | |a Religión | ||
| 650 | |a Publicaciones Periódicas Francesas | ||
| 650 | |a Carbone, Alberto | ||
| 700 | |a Alting von Geusau, Léo |e (dirección) | ||
| 910 | |a Fondo General | ||
| 920 | |a Impresos - Libros | ||
| 930 | |a Colección General | ||
| 905 | |a 101 | ||
| 901 | |a 0500122087 |b IT1 |c ACC |u 20250521 | ||
| 902 | |a https://opac.biblio.iteso.mx/vufind/Record/000182482 | ||